[Event "Tata Steel Tienkamp"]
[Site "Wijk aan Zee"]
[Date "2024.01.28"]
[Round "9"]
[White "Baselmans, Luuk"]
[Black "Pastar, Slaven"]
[Result "0-1"]
[WhiteElo "2323"]
[BlackElo "2343"]
[PlyCount "122"]
[EventDate "2024.01.19"]
[EventType "tourn"]
[EventRounds "9"]
[EventCountry "NED"]
[EventCategory "6"]
[SourceTitle "CB05_2024"]
[SourceDate "2024.01.31"]
[SourceVersion "1"]
[SourceVersionDate "2024.01.31"]
[SourceQuality "1"]

1. e4 e5 2. Nf3 Nc6 3. Bb5 Nge7 4. c3 a6 5. Ba4 d6 6. d4 Bd7 7. 0-0 Ng6 8. Re1 Be7 9. d5 Nb8 10. c4 b5 11. Bc2 0-0 12. Be3 h6 13. Nbd2 c5 14. dxc6 Bxc6 15. a4 b4 16. a5 Nd7 17. Nf1 Qc7 18. Ng3 Rfd8 19. Nf5 Bf8 20. Nd2 Ne7 21. Qg4 Nxf5 22. exf5 Nf6 23. Qh4 Qe7 24. Qh3 Rab8 25. Rad1 Qb7 26. g4 Nh7 27. Qg3 d5 28. Bb6 Re8 29. cxd5 Bxd5 30. Rxe5 Rxe5 31. Qxe5 Ng5 32. Qg3 Re8 33. h4 Nf3+ 34. Nxf3 Bxf3 35. Rc1 Qd5 36. Be3 Bd6 37. Bf4 Bxf4 38. Qxf4 Rc8 39. Kh2 Qc6 40. f6 Be4 41. Bd3 Qxc1 42. Qxe4 gxf6 43. Qxb4 Qc7+ 44. Kg2 Qc6+ 45. Be4 Qe6 46. Bf5 Qd5+ 47. Be4 Qe5 48. Bd3 Rb8 49. Qe4 Qxe4+ 50. Bxe4 Rb5 51. Bd3 Rxa5 52. b4 Ra3 53. Bf1 Kg7 54. f3 f5 55. gxf5 Kf6 56. Kg3 Kxf5 57. Bc4 f6 58. Bf1 h5 59. Bc4 Ke5 60. Bf7 f5 61. Bxh5 Rb3 0-1

[Event "Dieren op"]
[Site "Dieren"]
[Date "2023.07.26"]
[Round "2"]
[White "Baselmans, Luuk"]
[Black "Van Foreest, Machteld"]
[Result "0-1"]
[WhiteElo "2338"]
[BlackElo "2291"]
[PlyCount "94"]
[EventDate "2023.07.25"]
[EventType "swiss"]
[EventRounds "9"]
[EventCountry "NED"]
[SourceTitle "CBM 215 Extra"]
[Source "ChessBase"]
[SourceDate "2023.09.30"]
[SourceVersion "1"]
[SourceVersionDate "2023.09.30"]
[SourceQuality "1"]

1. e4 e5 2. Nf3 Nc6 3. Bc4 Bc5 4. 0-0 Nf6 5. d4 Bxd4 6. Nxd4 Nxd4 7. Bg5 h6 8. Bh4 Qe7 9. f4 Qc5 10. fxe5 Nxc2+ 11. Bf2 Qxc4 12. exf6 Nxa1 13. fxg7 Rg8 14. Nc3 d6 15. Nd5 Rxg7 16. b3 Qc2 17. Qxc2 Nxc2 18. Nxc7+ Kd8 19. Nxa8 Bh3 20. Bg3 Bxg2 21. Rd1 Rg6 22. Rxd6+ Rxd6 23. Bxd6 Bxe4 24. Kf2 Kd7 25. Bf4 Nb4 26. Ke3 f5 27. Nc7 a6 28. h4 Nxa2 29. Kd4 Nb4 30. Na8 h5 31. Nb6+ Ke6 32. Na4 Nc2+ 33. Kc3 Kd5 34. Nb6+ Kc6 35. Nc4 Ne1 36. Bg3 Nf3 37. Ne5+ Nxe5 38. Bxe5 Kd5 39. Bc7 Bb1 40. Kd2 Ke4 41. Ke2 f4 42. b4 Bd3+ 43. Kf2 Bb5 44. Bb6 Bc6 45. Bc7 f3 46. Bd6 Kd3 47. Be7 Kc4 0-1

[Event "Helmond Rapid op"]
[Site "Helmond"]
[Date "2023.06.10"]
[Round "5"]
[White "Baselmans, Luuk"]
[Black "Kevlishvili, Robby"]
[Result "0-1"]
[WhiteElo "2338"]
[BlackElo "2539"]
[PlyCount "68"]
[EventDate "2023.06.10"]
[EventType "swiss (rapid)"]
[EventRounds "9"]
[EventCountry "NED"]
[SourceTitle "CBM 214 Extra"]
[Source "ChessBase"]
[SourceDate "2023.07.31"]
[SourceVersion "1"]
[SourceVersionDate "2023.07.31"]
[SourceQuality "1"]

1. e4 c5 2. Nf3 d6 3. Bb5+ Nd7 4. Ba4 Ngf6 5. 0-0 a6 6. c4 e6 7. Nc3 Be7 8. d4 cxd4 9. Nxd4 0-0 10. Qe2 Qc7 11. h3 Ne5 12. Bb3 Bd7 13. Be3 Rac8 14. Rac1 Qb8 15. f4 Nc6 16. Kh1 Rfe8 17. g4 Nxd4 18. Bxd4 Bc6 19. g5 Nd7 20. Qg2 Nc5 21. Bc2 b5 22. cxb5 axb5 23. b4 Na4 24. f5 e5 25. Nxa4 exd4 26. Nb2 Qa8 27. g6 Bf6 28. gxf7+ Kxf7 29. Bb3+ Kf8 30. Bd5 Bxd5 31. exd5 Qa3 32. Rfd1 Rxc1 33. Rxc1 Re3 34. Rc8+ Ke7 0-1

[Event "Wachtebeke"]
[Site "Wachtebeke"]
[Date "2023.02.20"]
[Round "5"]
[White "Ochs, Daniel Elias"]
[Black "Baselmans, Luuk"]
[Result "1/2-1/2"]
[WhiteElo "2223"]
[BlackElo "2343"]
[PlyCount "69"]
[EventDate "2023.02.18"]
[EventType "tourn"]
[EventRounds "9"]
[EventCountry "BEL"]
[EventCategory "4"]
[SourceTitle "CBM 212 Extra"]
[Source "ChessBase"]
[SourceDate "2023.03.31"]
[SourceVersion "1"]
[SourceVersionDate "2023.03.31"]
[SourceQuality "1"]

1. d4 Nf6 2. Nf3 e6 3. c4 d5 4. g3 Bb4+ 5. Bd2 a5 6. Qc2 0-0 7. Bg2 c5 8. cxd5 cxd4 9. dxe6 Bxe6 10. 0-0 Nc6 11. Bxb4 axb4 12. Nbd2 Re8 13. Nb3 Qb6 14. Rfd1 Rac8 15. Qc5 Qxc5 16. Nxc5 Bd5 17. Nxb7 Ra8 18. Nxd4 Bxg2 19. Kxg2 Nxd4 20. Rxd4 Rab8 21. Nc5 Rxe2 22. Na6 Ra8 23. Nxb4 Rxb2 24. a4 h5 25. h3 Ra5 26. Ra2 Rxa2 27. Nxa2 Nd5 28. Kf1 Nb6 29. Nc3 Rc5 30. Rb4 Rxc3 31. Rxb6 Ra3 32. Ra6 g6 33. Ke2 h4 34. gxh4 Rxh3 35. Rb6 1/2-1/2

[Event "NED-chT 2223"]
[Site "Netherlands"]
[Date "2022.10.08"]
[Round "2.2"]
[White "Pham, Khoi"]
[Black "Baselmans, Luuk"]
[Result "1-0"]
[WhiteElo "2368"]
[BlackElo "2254"]
[PlyCount "49"]
[EventDate "2022.09.17"]
[EventType "team-tourn"]
[EventRounds "9"]
[EventCountry "NED"]
[SourceTitle "CBM 213 Extra"]
[Source "ChessBase"]
[SourceDate "2023.05.31"]
[SourceVersion "1"]
[SourceVersionDate "2023.05.31"]
[SourceQuality "1"]
[WhiteTeam "Kennemer Combinatie"]
[BlackTeam "De Stukkenjagers"]
[WhiteTeamCountry "NED"]
[BlackTeamCountry "NED"]

1. d4 d5 2. Nc3 e6 3. e4 Nf6 4. e5 Nfd7 5. f4 c5 6. Nf3 Nc6 7. Be3 cxd4 8. Nxd4 Bc5 9. Qd2 a6 10. 0-0-0 0-0 11. Nb3 Bb4 12. Bd3 b5 13. Kb1 Rb8 14. Qf2 Nb6 15. Ne2 Nc4 16. Ned4 Nxd4 17. Bxd4 a5 18. g4 a4 19. Nc1 a3 20. b3 Nb2 21. Rdf1 Qc7 22. f5 Nc4 23. c3 Ba5 24. f6 g6 25. Qf4 1-0

[Event "NED-chT Cup"]
[Site "Apeldoorn"]
[Date "2022.05.26"]
[Round "2.2"]
[White "Wemmers, Xander"]
[Black "Baselmans, Luuk"]
[Result "0-1"]
[WhiteElo "2375"]
[BlackElo "2233"]
[PlyCount "94"]
[EventDate "2022.05.26"]
[EventType "team-k.o."]
[EventRounds "2"]
[EventCountry "NED"]
[SourceTitle "CBM 208 Extra"]
[Source "ChessBase"]
[SourceDate "2022.07.31"]
[SourceVersion "1"]
[SourceVersionDate "2022.07.31"]
[SourceQuality "1"]
[WhiteTeam "Paul Keres"]
[BlackTeam "De Stukkenjagers"]
[WhiteTeamCountry "NED"]
[BlackTeamCountry "NED"]

1. d4 Nf6 2. c4 e6 3. Nc3 Bb4 4. a3 Bxc3+ 5. bxc3 d6 6. f3 c5 7. e4 Nc6 8. d5 Na5 9. Ne2 e5 10. Ng3 b6 11. Bd3 0-0 12. 0-0 Ba6 13. f4 Nd7 14. Nf5 Bxc4 15. Nxd6 Bxd3 16. Qxd3 Nb3 17. Rb1 Nxc1 18. Rbxc1 exf4 19. Nf5 Ne5 20. Qd2 Qg5 21. h4 Qd8 22. Qxf4 Re8 23. Rce1 Qf6 24. Re3 h5 25. Rg3 Ng4 26. Rff3 Re5 27. d6 Rae8 28. d7 Rd8 29. Rd3 Kh7 30. Rxg4 hxg4 31. Qxg4 g6 32. Ng3 Qe6 33. Qd1 Kg7 34. h5 Rg5 35. hxg6 fxg6 36. Qd2 Rg4 37. Rd6 Qe5 38. Nf5+ gxf5 39. Qh6+ Kf7 40. Qh7+ Rg7 41. Qh5+ Ke7 42. Rd5 Qxe4 43. Rd2 Rxd7 44. Re2 Rd1+ 45. Kh2 Rxg2+ 46. Rxg2 Qf4+ 47. Rg3 Rd2+ 0-1

[Event "Eindhoven WLC op 12th"]
[Site "Eindhoven"]
[Date "2022.05.15"]
[Round "6"]
[White "Baselmans, Luuk"]
[Black "Jansen, Bob"]
[Result "1-0"]
[WhiteElo "2233"]
[BlackElo "2174"]
[PlyCount "65"]
[EventDate "2022.05.13"]
[EventType "swiss"]
[EventRounds "6"]
[EventCountry "NED"]
[SourceTitle "CBM 208 Extra"]
[Source "ChessBase"]
[SourceDate "2022.07.31"]
[SourceVersion "1"]
[SourceVersionDate "2022.07.31"]
[SourceQuality "1"]

1. e4 Nf6 2. e5 Nd5 3. d4 d6 4. Nf3 g6 5. Bc4 Nb6 6. Bb3 Bg7 7. Ng5 e6 8. Qf3 Qe7 9. Ne4 h6 10. Nf6+ Kf8 11. Be3 Nc6 12. Ne4 dxe5 13. dxe5 Nxe5 14. Qg3 Nbd7 15. Nbc3 f5 16. Nd2 Ng4 17. 0-0-0 Nxe3 18. Qxe3 Nc5 19. Rhe1 Bf6 20. Nf3 Kg7 21. Ne5 Re8 22. f4 Nd7 23. Nxg6 Qf7 24. Nb5 Kxg6 25. Nxc7 Nb6 26. Nxa8 Nxa8 27. g4 fxg4 28. f5+ Kxf5 29. Qe4+ Kg5 30. Kb1 Nb6 31. h4+ Kxh4 32. Rh1+ Kg5 33. Qe3+ 1-0